Estadísticas para ¿Cual fue el útlimo club de estos jugadores?

Haz click aquí para intentar la prueba.

Estadísticas generales

  • Esta prueba ha sido intentada 44 veces
  • La puntuación promedio es 9 de 16

Estadísticas de respuestas

JugadorClub% Correcto
Paolo MaldiniMilan
93%
Zlatan IbrahimovicMilan
93%
Eden HazardReal Madrid
93%
Diego Armando MaradonaBoca
83%
Francesco TottiRoma
83%
Iker CasillasOporto
80%
David BeckhamPSG
58%
David VillaVissel kobe
45%
Ronaldo NazarioCorinthians
43%
Fernardo LlorenteEibar
38%
Frank RibérySalernitana
38%
Raúl GonzálezCosmos
35%
Johan CruyffFeyenoord
35%
Van NistelrooyMalaga
33%
Alexandre PatoSão Paulo
30%
Victor ValdésMiddlesbrough
28%

Distribución de puntuación

Porcentaje por número respondido

Porcentaje de gente con cada puntuación

Historial de tus puntuaciones

No has intentado esta prueba.